| 000 -CABECERA |
| Longitud fija campo de control |
00676nam a22001697a 4500 |
| 003 - IDENTIFICADOR DEL NÚMERO DE CONTROL |
| Identificador del número de control |
OSt |
| 005 - FECHA Y HORA DE LA ÚLTIMA TRANSACCIÓN |
| Fecha y hora de la última transacción |
20130620093827.0 |
| 008 - CÓDIGOS DE INFORMACIÓN DE LONGITUD FIJA |
| Códigos de información de longitud fija |
130528s1981 sp ||||| |||| 00| 0 cat d |
| 020 ## - NÚMERO INTERNACIONAL NORMALIZADO PARA LIBROS |
| Número Internacional Normalizado para Libros (ISBN) |
8450051592 |
| 040 ## - FUENTE DE LA CATALOGACIÓN |
| Centro transcriptor |
CDMR |
| 245 10 - MENCIÓN DE TÍTULO |
| Título |
Guia de la premsa local i comarcal |
| Resto del título |
: Alt Penedès, Anoia, Bages, Baix Llobregat, Bercelonès, Berguedà, Garraf, Maresme, Osona, Vallès Occidental, Vallès Oriental |
| 260 ## - PUBLICACIÓN, DISTRIBUCIÓN, ETC. (PIE DE IMPRENTA) |
| Lugar de publicación, distribución, etc. |
Barcelona |
| Nombre del editor, distribuidor, etc. |
Departament de Cultura i Mitjans de Comunicació. Generalitat de Catalunya |
| Fecha de publicación, distribución, etc. |
1981 |
| 300 ## - DESCRIPCIÓN FÍSICA |
| Extensión |
198 p. |
| 650 04 - PUNTO DE ACCESO ADICIONAL DE MATERIA - TÉRMINO DE MATERIA |
| 9 (RLIN) |
3717 |
| Término de materia o nombre geográfico como elemento inicial |
Premsa comarcal |
| Subdivisión geográfica |
Catalunya |
| Subdivisión de forma |
Manuals, guies, etc. |
| 710 2# - PUNTO DE ACCESO ADICIONAL - NOMBRE DE ENTIDAD |
| 9 (RLIN) |
3545 |
| Nombre de entidad o nombre de jurisdicción como elemento inicial |
Direcció General de Mitjans de Comunicació |
| 942 ## - ENTRADA DE ELEMENTOS AGREGADOS (KOHA) |
| Fuente de clasificaión o esquema |
|
| Koha [por defecto] tipo de item |
Monografies |